| 000 | 00365nam a2200157Ia 4500 | ||
|---|---|---|---|
| 008 | 230917s9999||||xx |||||||||||||| ||und|| | ||
| 040 |
_e102253 _aMAIN |
||
| 041 | _aEnglish | ||
| 082 | _a658.8 A41M | ||
| 100 | _aAaker, David A | ||
| 245 | 0 | _aMarketing research | |
| 250 | _a7th ed. | ||
| 260 |
_aNew York _bJohn Wiley _c2003 |
||
| 300 | _a751 p. | ||
| 942 | _cBK | ||
| 999 |
_c110438 _d110438 |
||